| 000 | 00532nam a22001937a 4500 | ||
|---|---|---|---|
| 999 |
_c3310 _d3310 |
||
| 008 | 200409b ||||| |||| 00| 0 eng d | ||
| 020 |
_a81-7409-195-5 _cRs. 260.00 |
||
| 041 | 0 | _aeng | |
| 082 | 0 | 0 |
_a510.2462 _bG841 |
| 100 |
_91611 _aGrewal, B. S. |
||
| 245 | 1 | 0 |
_aHigher engineering mathematics / _cby B. S. Grewal and J. S. Grewal |
| 250 | _a38th ed. | ||
| 260 |
_aDelhi : _bKhanna Publications, _c2004. |
||
| 300 | _axi,1232p. | ||
| 365 | _bINR 260.00 | ||
| 650 | 0 | _aMathematics | |
| 700 |
_92791 _aGrewal, J. S. |
||
| 942 | _cBK | ||